[Event "CHI-ch U20"]
[Site "Quirihue"]
[Date "2022.01.21"]
[Round "9"]
[White "Alvarado Munoz, Sebastian Ignacio"]
[Black "Bahamonde Cepeda, Juan Pablo"]
[Result "1-0"]
[WhiteElo "1941"]
[BlackElo "1839"]
[PlyCount "103"]
[EventDate "2022.01.17"]
[EventType "swiss"]
[EventRounds "9"]
[EventCountry "CHI"]
[SourceTitle "CBM 206 Extra"]
[Source "ChessBase"]
[SourceDate "2022.03.31"]
[SourceVersion "1"]
[SourceVersionDate "2022.03.31"]
[SourceQuality "1"]

1. e4 c5 2. Nf3 e6 3. d3 Nc6 4. g3 d5 5. Nbd2 g6 6. Bg2 Bg7 7. 0-0 Nge7 8. Re1 b6 9. Qe2 Nd4 10. Nxd4 cxd4 11. e5 Nc6 12. Nf3 b5 13. h4 h6 14. a4 bxa4 15. Rxa4 Bd7 16. b3 a5 17. Bb2 Qc7 18. Nxd4 Bxe5 19. Bxd5 Bxd4 20. Rxd4 0-0 21. Bxc6 Bxc6 22. Qd2 e5 23. Rc4 Qd7 24. Bxe5 Qd5 25. Rxc6 Qxc6 26. Qxh6 f6 27. Qxg6+ Kh8 28. Re4 Qe6 29. Qh5+ Kg7 30. Rg4+ Qxg4 31. Qxg4+ Kf7 32. Qd7+ Kg6 33. h5+ Kxh5 34. Bf4 Kg6 35. Kg2 Rfd8 36. Qb7 Re8 37. Kf3 a4 38. bxa4 Rxa4 39. Qd7 Rea8 40. c4 Ra3 41. Be3 Rb3 42. Qg4+ Kf7 43. Qh5+ Kg7 44. Bh6+ Kh8 45. Bg5+ Kg8 46. Qg6+ Kf8 47. Qxf6+ Kg8 48. Qg6+ Kf8 49. Bh6+ Ke7 50. Qh7+ Kf6 51. Kf4 Ra5 52. Bf8 1-0

[Event "CHI-ch U20"]
[Site "Quirihue"]
[Date "2022.01.20"]
[Round "6"]
[White "Bahamonde Cepeda, Juan Pablo"]
[Black "Rios Campos, Pablo Antonio"]
[Result "1-0"]
[WhiteElo "1839"]
[BlackElo "1471"]
[PlyCount "91"]
[EventDate "2022.01.17"]
[EventType "swiss"]
[EventRounds "9"]
[EventCountry "CHI"]
[SourceTitle "CBM 206 Extra"]
[Source "ChessBase"]
[SourceDate "2022.03.31"]
[SourceVersion "1"]
[SourceVersionDate "2022.03.31"]
[SourceQuality "1"]

1. e4 e6 2. f4 d5 3. e5 c5 4. Nf3 Bd7 5. c3 Nc6 6. Na3 Nge7 7. Nc2 Nf5 8. Bd3 Nh4 9. 0-0 Ng6 10. Bxg6 hxg6 11. d4 Qb6 12. Kh1 0-0-0 13. dxc5 Bxc5 14. b4 Bf2 15. Qe2 Bh4 16. Be3 Qc7 17. Ncd4 Ne7 18. c4 Kb8 19. cxd5 Nxd5 20. Rfc1 Qb6 21. Nc6+ Qxc6 22. Rxc6 Bxc6 23. b5 Nc3 24. Bxa7+ Ka8 25. Qe3 Nxb5 26. Bb6 Rd7 27. a4 Nc7 28. Nd4 Nd5 29. Qb3 Bf2 30. Nxc6 Bxb6 31. a5 Ba7 32. Nb4 Nxf4 33. Qf3 Nd5 34. Nxd5 exd5 35. a6 b6 36. Qc3 Kb8 37. Rd1 Rc8 38. Qf3 Rcc7 39. g3 Rc5 40. Qf4 Kc8 41. Qh4 Kc7 42. Qh7 d4 43. Qxg7 d3 44. e6 fxe6 45. Qxg6 Rc6 46. Rxd3 1-0

[Event "CHI-ch U20"]
[Site "Quirihue"]
[Date "2022.01.18"]
[Round "3"]
[White "Valdebenito Barra, Alonso Ignacio"]
[Black "Bahamonde Cepeda, Juan Pablo"]
[Result "0-1"]
[WhiteElo "1379"]
[BlackElo "1839"]
[PlyCount "72"]
[EventDate "2022.01.17"]
[EventType "swiss"]
[EventRounds "9"]
[EventCountry "CHI"]
[SourceTitle "CBM 206 Extra"]
[Source "ChessBase"]
[SourceDate "2022.03.31"]
[SourceVersion "1"]
[SourceVersionDate "2022.03.31"]
[SourceQuality "1"]

1. e4 c5 2. Nf3 e6 3. d4 cxd4 4. Nxd4 Nc6 5. Be3 Nf6 6. Nc3 Qc7 7. Be2 a6 8. a3 b5 9. Qd2 Bb7 10. f3 Ne5 11. 0-0 Nc4 12. Bxc4 Qxc4 13. Qd3 Qc7 14. Na2 d5 15. exd5 Nxd5 16. a4 Nxe3 17. Qxe3 Bc5 18. Rfe1 0-0 19. c3 Rfe8 20. Qe5 Bd6 21. Qh5 g6 22. Qh4 e5 23. Nc2 bxa4 24. Nab4 a5 25. Nd3 Ba6 26. Qe4 Rab8 27. Rxa4 Bxd3 28. Qxd3 Rxb2 29. Na3 Ra2 30. Qb5 Qc5+ 31. Kh1 Qxb5 32. Nxb5 Rxa4 33. Nxd6 Re6 34. Ne4 Rc4 35. Ra1 f5 36. Ng5 Rb6 0-1

[Event "Osorno U2200 op"]
[Site "Osorno"]
[Date "2018.05.06"]
[Round "4.1"]
[White "Bahamonde Cepeda, Juan Pablo"]
[Black "Bahamondes Cepeda, Jose Patricio"]
[Result "0-1"]
[WhiteElo "1678"]
[BlackElo "1782"]
[PlyCount "91"]
[EventDate "2018.05.05"]
[EventType "swiss"]
[EventRounds "6"]
[EventCountry "CHI"]
[SourceTitle "EXT 2024"]
[Source "ChessBase"]
[SourceDate "2023.10.10"]
[SourceVersion "1"]
[SourceVersionDate "2023.10.10"]
[SourceQuality "1"]

1. d4 d5 2. Nf3 Nf6 3. e3 e6 4. Bd3 c5 5. b3 Nc6 6. Bb2 Bd6 7. Nbd2 Qe7 8. Ne5 0-0 9. 0-0 cxd4 10. exd4 Nb4 11. Be2 Bd7 12. a3 Nc6 13. Bd3 Rac8 14. f4 Ne8 15. Qe2 f5 16. c4 b6 17. b4 dxc4 18. Bxc4 Bxe5 19. dxe5 Nc7 20. Ba2 Nb8 21. Rad1 Rfd8 22. Rfe1 Bc6 23. Nc4 Bb5 24. Rxd8+ Rxd8 25. Rd1 Nd5 26. Qd2 Bxc4 27. Bxc4 Nc6 28. Bxd5 Rxd5 29. Qc2 Qd7 30. Rxd5 Qxd5 31. Qc3 Kf7 32. Kf2 h6 33. a4 a6 34. Qf3 Nxb4 35. Ba3 Nd3+ 36. Ke3 Qxf3+ 37. Kxf3 Nc5 38. Ke3 Nxa4 39. Kd4 Ke8 40. Kc4 h5 41. Bd6 Kd7 42. Kb4 Nb2 43. Kc3 Nd1+ 44. Kb4 Kc6 45. Kc4 Ne3+ 46. Kb3 0-1